=LDR 00000nam 2200000 4500 =001 INLIS000000000023327 =005 20130612122013 =008 ***********************************Ind** =035 ##$$0010-061300000023327 =041 ##$$a Ind =082 ##$$a 650 =090 ##$$a 650, Set-p =100 ##$$a Setiadi, Nugroho =245 ##$$a Prakiraan bisnis, Pendekatan analisis kuantitatif untuk antisipasi bisnis, Nugroho J. Setiadi, SE., MM =260 ##$$a 2003 $b Bogor =300 ##$$a xii, 191 hlm., ilus., 23 cm =650 ##$$a Bisnis =850 ##$$a NBPNMAT